Introduction to management science / (Record no. 54261)
[ view plain ]
| 000 -LEADER | |
|---|---|
| fixed length control field | 00870nam a2200265 a 4500 |
| 001 - CONTROL NUMBER | |
| control field | 54261 |
| 003 - CONTROL NUMBER IDENTIFIER | |
| rucl marc code | BD-RjUL |
| 005 - DATE AND TIME OF LATEST TRANSACTION | |
| control field | 20211209080108.0 |
| 008 - FIXED-LENGTH DATA ELEMENTS--GENERAL INFORMATION | |
| fixed length control field | 161105s2008 i 000 0 eng d |
| 020 ## - INTERNATIONAL STANDARD BOOK NUMBER | |
| International Standard Book Number | 9788131720714 |
| 035 ## - SYSTEM CONTROL NUMBER | |
| System control number | (BD-RjUL)54383 |
| 040 ## - CATALOGING SOURCE | |
| Original cataloging agency | BD-RjUL |
| Language of cataloging | eng |
| Transcribing agency | BD-RjUL |
| 041 ## - LANGUAGE CODE | |
| Language code of text/sound track or separate title | eng |
| 082 ## - DEWEY DECIMAL CLASSIFICATION NUMBER | |
| Edition number | 23 |
| Classification number | 658.5 |
| Author mark and year | TAI 2008 |
| 100 1# - MAIN ENTRY--PERSONAL NAME | |
| Personal name | Taylor, Bernard W. |
| 9 (RLIN) | 161948 |
| 245 10 - TITLE STATEMENT | |
| Title | Introduction to management science / |
| Statement of responsibility, etc. | Bernard W. Taylor |
| 250 ## - EDITION STATEMENT | |
| Edition statement | 9th ed. |
| 260 ## - PUBLICATION, DISTRIBUTION, ETC. (IMPRINT) | |
| Place of publication, distribution, etc. | India : |
| Name of publisher, distributor, etc. | Pearson Prentice Hall, |
| Date of publication, distribution, etc. | c2007 [ Imprission 2008] . |
| 300 ## - PHYSICAL DESCRIPTION | |
| Pagination | xviii, 819 p. : |
| Illustrations | ill. ; |
| Size | 26 cm. |
| 500 ## - GENERAL NOTE | |
| General note | Includes Index |
| 650 #0 - SUBJECT ADDED ENTRY--TOPICAL TERM | |
| Topical term or geographic name as entry element | Management science. |
| 9 (RLIN) | 144735 |
| Topical term or geographic name as entry element | Management science |
| General subdivision | Study and teaching |
| 9 (RLIN) | 161949 |
| 700 1# - ADDED ENTRY--PERSONAL NAME | |
| Personal name | Wilson, Martha. |
| 942 ## - ADDED ENTRY ELEMENTS (KOHA) | |
| Source of classification or shelving scheme | Dewey Decimal Classification |
| Koha item type | Books |
| Lost status | Source of classification or shelving scheme | Damaged status | Not for loan | Collection code | Permanent Location | Current Location | Shelving location | Date acquired | Source of acquisition | Cost, normal purchase price | Total Checkouts | Full call number | Date last seen | Date checked out | Copy number | Koha item type |
|---|---|---|---|---|---|---|---|---|---|---|---|---|---|---|---|---|
| Dewey Decimal Classification | Non-fiction | Central Library, University of Rajshahi | Central Library, University of Rajshahi | 12/05/2011 | Dhaka,Paragon Enterprise Lit., | 625.00 | 1 | 658.5 TAI 2008 | 25/11/2021 | 25/11/2021 | C-2 | Books | ||||
| Dewey Decimal Classification | Not For Loan | Non-fiction | Central Library, University of Rajshahi | Central Library, University of Rajshahi | Reading Room | 12/05/2011 | Dhaka, Paragon Enterprises ltd. | 625.00 | 658.5 TAI 2008 | 08/04/2017 | C-1 | Books |